000 00250nam a2200109Ia 4500
001 587428
005 20250717113816.0
008 250717s9999 xx 000 0 und d
245 0 _aX-5 ISI
_cKOMİSYON
260 _bMARTI YAYINLARI
_c2017
300 _b18
999 _c587428
_d587428